00873 a2200157 45000010006000000050017000060080041000230030015000640400040000790800056001192450046001752640043002213000019002645050408002831000024006912518320260407155535.0260407a1968 arg spa dAR-UNSa-BCEJYS aAR-UNSa-BCEJYSbspacAR-UNSa-BCEJYS a519.2xProbabilidades y estadística matemática 10aIniciaciación en estadística aplicada 1aBuenos Aires :bEdiciones Macchic1968 a225 p.c22 cm. a1. Introducción matemática - 2. Probabilidades y variable aleatoria - 3. Distribuciones - 4. Censos y encuestas(compilación) - 5. Representaciones gráficas - 6. Serie de frecuencias - 7. Series cronológicas - 8. Números índices - 9. Regresión y correlación - 10. Atributs cualitativos - 11. Nociones sobre la teoría y uso de las muestras grandes - 12. Experimentación estdística.1 aToranzos, Fausto I.